Powerwolf songs - Statistics

General Stats
  • This quiz has been taken 79 times
    70 since last reset
  • The average score is 26 of 57
Answer Stats
Album Song % Correct
Blessed & Possessed
79%
Call of the Wild
78%
Demons Are a Girl’s Best Friend
69%
Army of the Night
67%
The Sacrament of Sin
67%
We Drink Your Blood
67%
Dancing with the Dead
66%
Fire & Forgive
66%
Beast of Gévaudan
62%
Incense & Iron
60%
Werewolves of Armenia
59%
Sanctified With Dynamite
59%
Venom of Venus
57%
Armata Strigoi
55%
Faster Than the Flame
53%
Where The Wild Wolves Have Gone
53%
Stossgebet
52%
Ressurection by Erection
50%
Call of the Wild Reverent of Rats
50%
Sermon of Swords
50%
Nightside of Siberia
48%
Sacrament of Sin Fist by Fist (Sacralize or Strike)
47%
Glaubenskraft
47%
Alive or Undead
45%
Undress to Confess
45%
Blood for Blood (Faoladh)
43%
Nighttime Rebel
43%
Raise Your Fist, Evangelist
43%
We Are the Wild
43%
Killers With the Cross
41%
Murder at Midnight
41%
Varcolac
41%
Christ & Combat
40%
Blessed & Possessed Let There Be Night
40%
Ira Sancti (When the Saints Are Going Wild)
40%
Night of the Werewolves
40%
Son of a Wolf
40%
All We Need Is Blood
38%
Dead Until Dark
36%
Moscow After Dark
36%
Sainted by the Storm
36%
Dead Boys Don't Cry
34%
Sacramental Sister
34%
My Will Be Done
34%
Panic in the Pentagram
34%
Midnight Messiah
33%
Higher Than Heaven
33%
Phantom of the Funeral
33%
Sanctus Dominus
33%
Catholic in the Morning… Satanist at Night
31%
All You Can Bleed
29%
St. Satans Day
29%
We Take the Church by Storm
29%
Die, Die, Crucified
24%
Seven Deadly Saints
24%
Bible of the Beast Wolves Against the World
17%
Blood of the Saints In Blood We Trust
12%
No matching quizzes found
Score Distribution
Percent of People with Each Score
Percentile by Number Answered
Your Score History
You have not taken this quiz since the last reset